Movies Quiz

Random Movies or Role Quiz
Score 0/10 Timer 03:00
0 Plays Today
% Correct
Set dresser
85.7%
Line producer
81.3%
Focus puller
80.4%
Boom operator
79.5%
Foley artist
75.9%
Dolly grip
65.2%
Best boy
65.2%
Script supervisor
65.2%
Gaffer
58%
Key grip
50.9%
Remove Ads.
Support Sporcle.
Get the best of Sporcle when you Go Orange. This ad-free experience offers more features, more stats, and more fun while also helping to support Sporcle. Thank you for becoming a member.

You're not logged in!

Compare scores with friends on all Sporcle quizzes.
OR
Log In

Show Comments

Extras

Top Quizzes Today


Score Distribution

Your Account Isn't Verified!

In order to create a playlist on Sporcle, you need to verify the email address you used during registration. Go to your Sporcle Settings to finish the process.

Report this User

Report this user for behavior that violates our Community Guidelines.

Details: